00592nam a2200181 a 450000100100000000500170001000800410002702000150006804000250008308200190010810000380012724500470016526000450021230000210025750000700027865000300034865000320037800001918920210505111054.0100528s2006 pr 000 p spa d a9993432065 aDO-SdBNPbspacBNPHU aPR861.5bM971v1 aMuñoz Miranda, Gerardo,d1966 -10aVersos del alma / Gerardo Muños Miranda. aPuerto Rico :bPublisa Editorial,c2006. a102 p. ;c22 cm. aIncluye datos biográficos del autor en la solapa de la portada. 4aPoesía puertorriqueña 0aLiteratura puertorriqueña